Servants of globalization : (Record no. 364213)
[ view plain ]
| 000 -LEADER | |
|---|---|
| fixed length control field | 00422nam a2200109Ia 4500 |
| 008 - FIXED-LENGTH DATA ELEMENTS--GENERAL INFORMATION | |
| fixed length control field | 200911s9999 xx 000 0 und d |
| 020 ## - INTERNATIONAL STANDARD BOOK NUMBER | |
| International Standard Book Number | 971-550-449-3 |
| 100 ## - MAIN ENTRY--PERSONAL NAME | |
| Personal name | Parreñas, Rhacel Salazar |
| 245 ## - TITLE STATEMENT | |
| Statement of responsibility, etc | Rhacel Salazar Parreñas.-- |
| Title | Servants of globalization : |
| Remainder of title | Woman, Migration, and domestic work / |
| 260 ## - PUBLICATION, DISTRIBUTION, ETC. (IMPRINT) | |
| Place of publication, distribution, etc | Quezon City : |
| Name of publisher, distributor, etc | Ateneo de Manila University Press |
| Date of publication, distribution, etc | 2003 |
| 300 ## - PHYSICAL DESCRIPTION | |
| Extent | xi , 309 pages : |
| Other physical details | illustration ; |
| Dimensions | 23 cm. |
| Withdrawn status | Lost status | Damaged status | Home library | Current library | Shelving location | Date acquired | Source of acquisition | Total Checkouts | Full call number | Barcode | Date last seen | Price effective from | Koha item type |
|---|---|---|---|---|---|---|---|---|---|---|---|---|---|
| College Library | College Library | Filipiniana Section | 09/11/2020 | Library Fund | HD 60.72 .P259 2003 | C22392 | 09/11/2020 | 09/11/2020 | Books |